Diplomatic Missions of Andorra - Statistics

General Stats
  • This quiz has been taken 91 times
  • The average score is 12 of 14
Answer Stats
Mission Answer % Correct
Belgium
97%
France
97%
Spain
97%
United States
97%
Embassy Brussels
96%
Embassy Madrid
96%
Embassy New York City
94%
Embassy Paris
94%
Portugal
83%
Embassy Lisbon
80%
Mission Geneva
78%
Representation Strasbourg
74%
Austria
71%
Embassy Vienna
70%
No matching quizzes found
Score Distribution
Percent of People with Each Score
Percentile by Number Answered
Your Score History
You have not taken this quiz